| 000 | 01035nam a22002177a 4500 | ||
|---|---|---|---|
| 999 |
_c57548 _d57548 |
||
| 003 | Ge_BSU | ||
| 005 | 20200728112823.0 | ||
| 008 | 200728s2014 xxu||||| |||| 00| 0 geo d | ||
| 020 | _a9789941934353 | ||
| 041 | _ageo | ||
| 080 | _a341 ა-48 | ||
| 100 |
_aალექსიძე, ლევან. _99063 |
||
| 245 |
_aთანამედროვე საერთაშორისო სამართალი / _c ლევან ალექსიძე ; რედ. ქეთევან ხუციშვილი. |
||
| 250 | _aგანახლებული და შევსებული გამოცემა | ||
| 264 |
_aთბილისი : _bიურისტების სამყარო, _c2014. |
||
| 300 |
_a440 გვ .: _c21 სმ. |
||
| 653 | _aსაერთაშორისო სამართალი | ||
| 653 | _aსამართალი | ||
| 700 |
_aხუციშვილი, ქეთევან _eრედაქტორი _95752 |
||
| 942 |
_2udc _cBK |
||